[Event "Lazy op 13th"]
[Site "Lazy"]
[Date "2017.06.30"]
[Round "6"]
[White "Losinska, Aleksandra"]
[Black "Kosiba, Marcin"]
[Result "0-1"]
[WhiteElo "1562"]
[BlackElo "1832"]
[PlyCount "43"]
[EventDate "2017.06.25"]
[EventType "swiss"]
[EventRounds "9"]
[EventCountry "POL"]
[SourceTitle "EXT 2018"]
[Source "ChessBase"]
[SourceDate "2017.10.13"]
[SourceVersion "1"]
[SourceVersionDate "2017.10.13"]
[SourceQuality "1"]

1. e4 Nc6 2. Nf3 f5 3. exf5 d5 4. d4 Bxf5 5. Bb5 e6 6. 0-0 Bd6 7. Re1 Nf6 8. Bxc6+ bxc6 9. Nh4 0-0 10. Nxf5 exf5 11. Nd2 Bxh2+ 12. Kxh2 Ng4+ 13. Kg1 Qh4 14. Nf3 Qxf2+ 15. Kh1 Rae8 16. Rf1 Qg3 17. Bd2 Nf2+ 18. Rxf2 Qxf2 19. Qg1 Qg3 20. Qh2 Qg4 21. Qh4 Re2 22. Re1 0-1

[Event "POL-ch Teachers"]
[Site "Krakow"]
[Date "2010.06.05"]
[Round "6.10"]
[White "Kosiba, Marcin"]
[Black "Ocwieja, Piotr"]
[Result "0-1"]
[WhiteElo "1905"]
[BlackElo "1668"]
[PlyCount "73"]
[EventDate "2010.06.03"]
[EventType "swiss"]
[EventRounds "9"]
[EventCountry "POL"]
[SourceTitle "EXT 2023"]
[Source "ChessBase"]
[SourceDate "2022.10.05"]
[SourceVersion "1"]
[SourceVersionDate "2022.10.05"]
[SourceQuality "1"]

1. e4 e5 2. f4 exf4 3. Nf3 d6 4. d4 g5 5. Bc4 h6 6. 0-0 Bg7 7. c3 Nc6 8. b4 Bd7 9. a4 Nge7 10. Ra2 f5 11. Re2 fxe4 12. Rxe4 Bf5 13. Bd3 Bxe4 14. Bxe4 d5 15. Bc2 Qd7 16. Nfd2 0-0-0 17. Nb3 b6 18. Qd3 Nb8 19. a5 h5 20. Na3 h4 21. h3 g4 22. Bxf4 gxh3 23. gxh3 Rdg8 24. Kh2 Bh6 25. Be5 Bg7 26. Bf4 Rf8 27. Nb5 Kb7 28. Bxc7 Rxf1 29. Qxf1 Rf8 30. Qe2 a6 31. Bxb6 Rc8 32. Na3 Qd6+ 33. Kh1 Rxc3 34. Nc5+ Ka8 35. Bd3 Rc1+ 36. Qf1 Rxf1+ 37. Bxf1 0-1

[Event "POL-ch Teachers"]
[Site "Krakow"]
[Date "2010.06.03"]
[Round "1.4"]
[White "Kukula, Pawel"]
[Black "Kosiba, Marcin"]
[Result "1-0"]
[WhiteElo "2261"]
[BlackElo "1905"]
[PlyCount "63"]
[EventDate "2010.06.03"]
[EventType "swiss"]
[EventRounds "9"]
[EventCountry "POL"]
[SourceTitle "EXT 2023"]
[Source "ChessBase"]
[SourceDate "2022.10.05"]
[SourceVersion "1"]
[SourceVersionDate "2022.10.05"]
[SourceQuality "1"]

1. e4 e5 2. Nf3 Nc6 3. d4 exd4 4. Bc4 Bb4+ 5. c3 dxc3 6. 0-0 h6 7. bxc3 Ba5 8. Qb3 Qf6 9. e5 Qg6 10. Ba3 Nge7 11. Nbd2 0-0 12. Bb5 Re8 13. Rfe1 Nd8 14. Bxe7 Rxe7 15. Qa3 d6 16. Qxa5 Bh3 17. g3 a6 18. exd6 Rxe1+ 19. Rxe1 Qxd6 20. Bf1 Bd7 21. Ne4 Nc6 22. Qc5 Qg6 23. Nh4 Qe6 24. Bc4 Qg4 25. f3 b6 26. Qxc6 Bxc6 27. fxg4 b5 28. Bd3 Rd8 29. Bb1 g5 30. Nf5 Kh7 31. Nf6+ Kg6 32. Nh5 1-0